Going digital (Record no. 116241)

MARC details
000 -LEADER
fixed length control field 00814cam a22002055a 4500
001 - CONTROL NUMBER
control field L160129
008 - FIXED-LENGTH DATA ELEMENTS--GENERAL INFORMATION
fixed length control field 180719s2018 xxk f 000 0 eng d
035 ## - SYSTEM CONTROL NUMBER
System control number (Sirsi) u160129
041 0# - LANGUAGE CODE
Language code of text/sound track or separate title eng
110 2# - MAIN ENTRY--CORPORATE NAME
Corporate name or jurisdiction name as entry element Chartered Institute of Housing
9 (RLIN) 2394
245 00 - TITLE STATEMENT
Title Going digital
Remainder of title gearing up for the future
Medium [electronic resource]
260 ## - PUBLICATION, DISTRIBUTION, ETC.
Place of publication, distribution, etc. Coventry
Name of publisher, distributor, etc. CIOH
Date of publication, distribution, etc. 2018
520 ## - SUMMARY, ETC.
Summary, etc. Looks at what is driving social landlords' digital development and how are they going about it.
590 ## - LOCAL NOTE (RLIN)
Local note NTK
650 24 - SUBJECT ADDED ENTRY--TOPICAL TERM
Topical term or geographic name entry element SOCIAL HOUSING
651 #4 - SUBJECT ADDED ENTRY--GEOGRAPHIC NAME
Geographic name United Kingdom
Chronological subdivision
690 ## - LOCAL SUBJECT ADDED ENTRY--TOPICAL TERM (OCLC, RLIN)
Topical term or geographic name as entry element Residential property
9 (RLIN) 6266
856 40 - ELECTRONIC LOCATION AND ACCESS
Uniform Resource Identifier <a href="https://www.cih.org/publication-free/display/vpathDCR/templatedata/cih/publication-free/data/Going_digital_gearing_up_for_the_future">https://www.cih.org/publication-free/display/vpathDCR/templatedata/cih/publication-free/data/Going_digital_gearing_up_for_the_future</a>
Public note View the item free of charge from www.cih.org website.
942 ## - ADDED ENTRY ELEMENTS (KOHA)
Suppress in OPAC 0
Holdings
Withdrawn status Lost status Source of classification or shelving scheme Damaged status Not for loan Home library Current library Shelving location Date acquired Total Checkouts Full call number Barcode Date last seen Copy number Price effective from Koha item type
    Dewey Decimal Classification     Virtual Virtual Online 19/07/2018   ONLINE PUBLICATION 160129-2001 06/08/2019 1 06/08/2019 Book